[Event "11th Arad Open 2018"]
[Site "Arad"]
[Date "2018.08.06"]
[Round "2"]
[White "Georgiev, Kiril"]
[Black "Dinu, Dumitru-Daniel"]
[Result "1-0"]
[WhiteElo "2593"]
[BlackElo "2225"]
[Annotator "TA"]
[PlyCount "61"]
[EventDate "2018.08.05"]
[EventType "swiss"]
[EventCountry "ROU"]
[SourceTitle "playchess.com"]
[Source "ChessBase"]
[SourceQuality "1"]

{[%evp 19,61,10,29,-4,-5,0,0,-7,0,0,4,0,0,0,0,0,0,0,18,8,10,13,24,34,54,52,49,9,20,22,105,100,112,87,112,112,112,112,206,112,210,112,119,117]} 1. d4 Nf6 2. Nf3 c5 3. d5 e6 4. Nc3 exd5 5. Nxd5 Nxd5 6. Qxd5 Nc6 7. e4 Be7 8. Bc4 O-O 9. O-O d6 10. Qh5 {A43: Schmid Benoni} Be6 {LiveBook: 16 Games} 11. Ng5 Bxg5 $1 12. Bxg5 {The position is equal.} Qd7 13. Be2 $146 ({Predecessor:} 13. Bxe6 Qxe6 14. Rae1 Qxa2 15. Bf6 Qe6 16. Bc3 f5 17. Qh3 Rf7 {0-1 (42) Pedersen,E (2400)-Miezis,N (2498) Morso 2002}) 13... f5 14. exf5 Bxf5 15. c3 d5 16. Rfe1 Rae8 17. Bf1 a6 18. Qh4 d4 19. cxd4 cxd4 20. Bd2 Rxe1 21. Rxe1 Re8 22. Bc4+ Kh8 23. Qf4 Rxe1+ 24. Bxe1 Qe7 (24... h6 $11) 25. Qxf5 $16 Qxe1+ 26. Bf1 {[%cal Rf5f8]} h6 27. g3 Ne5 28. Kg2 {Hoping for f4.} b5 {[#]} (28... d3 $16) 29. b3 (29. f4 $1 $18 {[%cal Rf4e5]} Qd2+ 30. Kh3) 29... Kg8 {[#]} (29... d3 $16 {is a better defense.} 30. Bxd3 Nxd3) 30. Qe6+ (30. f4 $1 $18 {[%cal Rf4e5]} Nf7 31. a4 (31. Qc8+ Kh7 $16)) 30... Kh8 31. Qd5 {Precision: White = 64%, Black = 36%.} 1-0

[Event "11th Arad Open 2018"]
[Site "Arad"]
[Date "2018.08.06"]
[Round "2"]
[White "Tarlev, Konstantin"]
[Black "Dicu, Razvan-Stefan"]
[Result "1-0"]
[WhiteElo "2561"]
[BlackElo "2218"]
[Annotator "TA"]
[PlyCount "93"]
[EventDate "2018.08.05"]
[EventType "swiss"]
[EventCountry "ROU"]
[SourceTitle "playchess.com"]
[Source "ChessBase"]
[SourceQuality "1"]

{[%evp 16,93,60,80,69,57,77,56,85,53,49,33,31,31,32,34,63,31,29,14,74,61,62,0,104,96,101,108,122,108,185,76,86,75,91,58,110,116,126,96,209,197,208,135,444,427,436,424,368,306,268,266,435,428,430,426,410,463,625,619,602,602,604,602,535,435,417,417,383,393,1004,981,939,937,920,914,898,887,5757,5789]} 1. e4 e6 2. d4 d5 3. Nc3 Bb4 4. e5 Qd7 5. Qg4 f5 6. Qg3 b6 7. Bd2 Ba6 {C16: Französische Verteidigung (Nimzowitsch-Variante)} (7... Bb7 8. Nf3 c6 9. a3 Bxc3 10. bxc3 Ba6 11. Bd3 Bxd3 12. cxd3 h6 13. a4 Na6 14. a5 b5 15. h4 {0-1 (61) Ludwig,C (2653)-Burgarth,U (2494) ICCF email 2006}) 8. Bxa6 Nxa6 9. Nge2 {LiveBook: 10 Partien} Kf7 {Weiß steht besser.} 10. h4 Ne7 11. h5 h6 12. Qd3 $146 ({Vorgänger:} 12. Nf4 Bxc3 13. Bxc3 c5 14. O-O-O Rhc8 15. Qe3 {½-½ (25) Bokan,D (2380)-Huss,A (2330) Cannes 1998}) 12... Nb8 13. Nd1 Bxd2+ $1 14. Qxd2 c5 15. c3 Nbc6 16. Ne3 a5 17. f3 Ke8 (17... Rhf8 $11) 18. g4 $16 Rf8 19. Rg1 (19. O-O-O $14) 19... Kd8 (19... fxg4 $11 {bleibt in der Remisbreite.} 20. Rxg4 Nf5) 20. g5 f4 21. Nc2 Nf5 22. O-O-O (22. Qxf4 $6 Qe7 $11) 22... cxd4 (22... hxg5 $16 {war einen Versuch wert.} 23. Rxg5 Kc7) 23. cxd4 (23. Ncxd4 $18 {ist viel giftiger.} Kc7 24. Nxc6 (24. Nxf4 Ncxd4 25. cxd4 hxg5 $16) 24... Qxc6 25. gxh6 (25. Nxf4 hxg5 26. Rxg5 Rf7 $16) (25. Qxf4 Qd7 $16) 25... gxh6 26. Nxf4) 23... Rc8 {[#] Droht stark ...Sb4.} 24. Kb1 Nh4 25. Rdf1 {gxh6 ist eine echte Drohung.} Qf7 (25... hxg5 $14 26. Rxg5 Rf7) 26. gxh6 gxh6 27. Rg4 Nb4 (27... Qxh5 $16 {kämpft weiter.} 28. Nxf4 Nxf3) 28. Nxb4 $18 Nxf3 29. Qd3 Nd2+ $2 {[%mdl 8192]} (29... Qf5 $16 30. Rxf3 Qxg4) 30. Qxd2 Qf5+ 31. Nd3 Qxg4 32. Rg1 Qxh5 33. Nexf4 Qf5 $2 (33... Qe8 34. b4 Rg8) 34. Rg6 Rc6 35. Rxh6 Kc8 36. a3 Qe4 {beabsichtigt ...Txf4.} 37. Rxe6 Rxe6 38. Nxe6 Rf3 39. Qc2+ Kb8 40. Nc1 ({Weniger gut wäre} 40. Qc7+ Ka8 $14) 40... Rf2 41. Qxe4 dxe4 42. d5 {[%cal Bd4d5,Bd5d6,Bd6d7][%mdl 32]} Rf5 $2 (42... Rd2 43. Nf4 e3) 43. Nd4 {Weiß steht klar auf Gewinn.} Rh5 44. d6 Kc8 45. e6 {[#] Und weiter mit Sc6 wäre nett.} Rd5 46. d7+ Kc7 47. Nce2 {Precision: Weiß = 64%, Schwarz = 39%.} 1-0

[Event "11th Arad Open 2018"]
[Site "Arad"]
[Date "2018.08.06"]
[Round "2"]
[White "Aczel, Gergely"]
[Black "Voiteanu, Gabriel"]
[Result "1-0"]
[WhiteElo "2551"]
[BlackElo "2190"]
[Annotator "RC"]
[PlyCount "73"]
[EventDate "2018.08.05"]
[EventType "swiss"]
[EventCountry "ROU"]
[SourceTitle "playchess.com"]
[Source "ChessBase"]
[SourceQuality "1"]
[TimeControl "40/5400+30:1800+30"]

1. d4 {[%emt 0:00:00]} Nf6 {[%emt 0:00:00]} 2. c4 {[%emt 0:00:00]} c5 {[%emt 0:00:00]} 3. d5 {[%emt 0:00:00]} b5 {[%emt 0:00:03]} 4. cxb5 {[%emt 0:00:00]} a6 {[%emt 0:00:23]} 5. bxa6 {[%emt 0:00:00]} g6 {[%emt 0:02:34]} 6. Nc3 {[%emt 0:00:00]} Bxa6 {[%emt 0:00:16]} 7. e4 {[%emt 0:00:02]} Bxf1 {[%emt 0:00:57]} 8. Kxf1 {[%emt 0:00:02]} d6 {[%emt 0:02:46]} 9. Nf3 {[%emt 0:00:03]} Nbd7 {[%emt 0:00:26]} 10. g3 {[%emt 0:00:02]} Bg7 {[%emt 0:00:45]} 11. Kg2 {[%emt 0:00:03]} O-O {[%emt 0:00:25]} 12. a4 {[%emt 0:00:03]} Ra6 {[%emt 0:01:58]} 13. Qc2 {[%emt 0:00:31]} Qa8 {[%emt 0:01:39]} 14. Ra3 {[%emt 0:00:04]} Rb8 {[%emt 0:33:11]} 15. Nb5 {[%emt 0:11:40]} Rc8 {[%emt 0:10:53]} 16. Bd2 {[%emt 0:03:17]} c4 {[%emt 0:03:19]} 17. Nfd4 {[%emt 0:15:45]} Nc5 {[%emt 0:05:58]} 18. f3 {[%emt 0:03:42]} Nfd7 {[%emt 0:27:31]} 19. Nc6 {[%emt 0:04:47]} Rcxc6 {[%emt 0:01:02]} 20. dxc6 {[%emt 0:00:09]} Qxc6 {[%emt 0:01:08]} 21. Bc3 {[%emt 0:18:31]} Nxa4 {[%emt 0:03:30]} 22. Rxa4 {[%emt 0:07:23]} Qxb5 {[%emt 0:00:19]} 23. Rha1 {[%emt 0:00:03]} Nc5 {[%emt 0:01:36]} 24. Rxa6 {[%emt 0:00:57]} Nxa6 {[%emt 0:00:02]} 25. Qa4 {[%emt 0:00:32]} Nc7 {[%emt 0:01:05]} 26. Qxb5 {[%emt 0:03:05]} Nxb5 {[%emt 0:00:01]} 27. Ra8+ {[%emt 0:01:42]} Bf8 {[%emt 0:00:01]} 28. Bd2 {[%emt 0:00:14]} Kg7 {[%emt 0:00:22]} 29. Rc8 {[%emt 0:00:15]} c3 {[%emt 0:01:40]} 30. Bxc3+ {[%emt 0:00:05]} f6 {[%emt 0:00:11]} 31. Bd2 {[%emt 0:01:16]} Kf7 {[%emt 0:00:10]} 32. b4 {[%emt 0:00:40]} f5 {[%emt 0:00:10]} 33. Rb8 {[%emt 0:00:32]} Nd4 {[%emt 0:00:08]} 34. exf5 {[%emt 0:00:50]} gxf5 {[%emt 0:00:07]} 35. b5 {[%emt 0:00:23]} Bg7 {[%emt 0:00:53]} 36. b6 {[%emt 0:00:51]} Nc6 {[%emt 0:01:26]} 37. Rc8 {[%emt 0:00:19]} 1-0

[Event "11th Arad Open 2018"]
[Site "Arad"]
[Date "2018.08.06"]
[Round "2"]
[White "Jianu, Vlad-Cristian"]
[Black "Kelly, Ladislau-Endre"]
[Result "1-0"]
[WhiteElo "2542"]
[BlackElo "2173"]
[Annotator "TA"]
[PlyCount "51"]
[EventDate "2018.08.05"]
[EventType "swiss"]
[EventCountry "ROU"]
[SourceTitle "playchess.com"]
[Source "ChessBase"]
[SourceQuality "1"]

{[%evp 13,51,26,60,38,46,50,62,42,81,88,106,104,102,99,112,119,233,250,235,235,280,235,255,217,250,247,231,239,340,347,339,345,387,285,380,377,364,281,413,418]} 1. Nf3 e6 2. c4 c5 3. g3 Nf6 4. Bg2 Be7 5. O-O O-O 6. Nc3 Nc6 7. d4 d6 {LiveBook: 5 Games. A34: Symmetrical English: 2 Nc3, lines with ...d5} (7... d5 8. cxd5 Nxd5 9. e4 Ndb4 10. d5 exd5 11. exd5 Nd4 12. Ne1 Bf5 13. Bf4 Bd6 14. Bxd6 Qxd6 15. a3 Nbc2 16. Rc1 Qg6 17. b4 Bg4 18. Qd2 Nxe1 19. Rcxe1 {1-0 (33) Almasi,Z (2689)-Adhiban,B (2674) Berlin 2015}) 8. b3 Qa5 9. Bb2 cxd4 {White is slightly better.} 10. Nxd4 Nxd4 11. Qxd4 Qh5 $146 ({Predecessor:} 11... Rd8 12. Nb5 e5 13. Qc3 Qxc3 14. Bxc3 {½-½ (36) Skembris,S (2450)-Tzoumbas,A (2365) Athens 1997}) 12. Rfd1 e5 13. Qd3 Bf5 14. Qf3 Qg6 (14... Qxf3 $16 15. Bxf3 e4) 15. Qxb7 $18 Rad8 16. Qxa7 Rd7 17. Qe3 h5 18. h3 Nh7 19. Nd5 Bg5 20. Qc3 Bh6 (20... h4 {keeps fighting.} 21. g4 Be4 22. Bxe4 Qxe4) 21. c5 dxc5 22. Qxe5 Be6 23. Rd3 Bxd5 24. Bxd5 ({Resist} 24. Rxd5 Rxd5 25. Qxd5 Qc2 $18) 24... Nf6 25. Be4 Qg5 (25... Nxe4 {was necessary.} 26. Rxd7 Bg5) 26. Qxg5 {Precision: White = 76%, Black = 16%.} 1-0

[Event "11th Arad Open 2018"]
[Site "Arad"]
[Date "2018.08.06"]
[Round "2"]
[White "Deepan Chakkravarthy J"]
[Black "Toma Andreica, Alin"]
[Result "1-0"]
[WhiteElo "2530"]
[BlackElo "2165"]
[Annotator "TA"]
[PlyCount "49"]
[EventDate "2018.08.05"]
[EventType "swiss"]
[EventCountry "ROU"]
[SourceTitle "playchess.com"]
[Source "ChessBase"]
[SourceQuality "1"]

{[%evp 19,49,9,74,76,76,72,72,77,94,92,95,108,108,108,108,90,108,109,109,108,107,107,293,299,502,465,502,502,492,493,457,462]} 1. Nf3 d5 2. g3 c5 3. Bg2 Nc6 4. d4 e6 5. O-O Nf6 6. c4 dxc4 7. dxc5 Qxd1 8. Rxd1 Bxc5 9. Nbd2 {[%cal Bb1d2,Bd2c4,Bc4e5,Be5c6][%mdl 32]} c3 10. bxc3 e5 {LiveBook: 5 Games. E04: Open Catalan: 5 Nf3} (10... O-O $11 {remains equal.}) (10... O-O 11. Nb3 Be7 12. Nfd4 Nxd4 13. cxd4 Nd5 14. Bd2 f5 15. Na5 Re8 16. Rac1 Ba3 17. Rb1 b6 18. Nc4 Bf8 19. Ne3 {½-½ (50) Lenderman,A (2615)-Le,Q (2728) Philadelphia 2018}) 11. Nc4 $16 Ne4 12. Nfxe5 $146 ({Predecessor:} 12. Be3 Bxe3 13. fxe3 Nxc3 14. Rd2 f6 15. Rc1 Na4 16. Nh4 O-O 17. Bd5+ Kh8 18. Nd6 Nb6 19. Nf7+ Kg8 20. Nh6+ {½-½ (20) Brett,A (2122)-Clark,I (2059) England 2014}) 12... Nxe5 {White is better.} 13. Nxe5 Nxc3 {[#]} 14. Rd2 $1 {aiming for Bb2.} Bd4 15. Nc6 $40 {[%mdl 128] White is out for blood.} Bf6 {...0-0 is the strong threat.} 16. Ba3 Be6 17. Na5 Rd8 18. Rxd8+ Bxd8 19. Nxb7 {Black must now prevent Bc6+.} Be7 20. Bb2 Nxe2+ $2 (20... Bf6 $16) 21. Kf1 $18 Bc4 $2 (21... Nxg3+ 22. hxg3 O-O) 22. Bxg7 {[%cal Rg2c6] White is clearly winning.} Nf4+ 23. Kg1 {[%cal Rg2c6]} Nxg2 24. Bxh8 Bd5 {[#]} 25. Nd6+ $1 {[%mdl 512]} 1-0

[Event "11th Arad Open 2018"]
[Site "Arad"]
[Date "2018.08.06"]
[Round "2"]
[White "Stany, G A"]
[Black "Nicora, Cristi"]
[Result "1-0"]
[WhiteElo "2494"]
[BlackElo "2158"]
[Annotator "TA"]
[PlyCount "105"]
[EventDate "2018.08.05"]
[EventType "swiss"]
[EventCountry "ROU"]
[SourceTitle "playchess.com"]
[Source "ChessBase"]
[SourceQuality "1"]

{[%evp 24,105,22,17,30,22,21,4,47,52,44,50,103,106,110,95,112,111,109,109,116,123,117,58,98,88,98,83,93,82,113,104,154,104,106,79,61,79,75,87,155,145,176,167,195,179,197,183,178,183,179,61,233,214,262,264,372,312,325,377,410,375,415,408,390,465,623,619,854,804,1373,1312,1677,1769,2101,2071,12837,11693,12841,12842,12845,12845,12848,12849]} 1. b3 e5 2. Bb2 Nc6 3. e3 d5 4. Bb5 Bd6 5. f4 Qe7 6. Nf3 Bg4 7. fxe5 Bxe5 8. Bxe5 Bxf3 {A01: Nimzowitsch-Larsen Opening} 9. Qxf3 Qxe5 10. O-O Nf6 11. Nc3 O-O 12. Bxc6 bxc6 13. Qf4 {LiveBook: 6 Games} Rfe8 (13... Qe7 14. Rf3 Ne4 15. Nxe4 dxe4 16. Rf2 {1-0 (39) Rapport,R (2687)-Antipov,M (2511) Warsaw 2013}) 14. Rae1 c5 $146 ({Predecessor:} 14... Qd6 15. e4 dxe4 16. Nxe4 {0-1 (35) Fuessel,J (1788)-Schwarz,M (1641) Heusenstamm 2015}) 15. Na4 Qxf4 16. Rxf4 Nd7 17. c4 c6 ({Black should play} 17... dxc4 $14 18. Rxc4 Ne5) 18. cxd5 $16 cxd5 19. Rf5 Ne5 20. Nxc5 d4 21. Kf1 dxe3 22. Rxe3 f6 23. Rf4 (23. Nd3 $16) 23... Rec8 24. Rc3 Rd8 25. Ke2 Rd5 26. Ra4 Rad8 27. d3 a5 28. Ne6 R8d6 29. Nc7 Rxd3 30. Rxd3 Rxd3 {[%mdl 4096] Endgame KRN-KRN} 31. Nb5 Rd5 (31... h5 $142) 32. Rxa5 g5 33. Ra8+ Kg7 34. Nc3 Rd4 35. Rb8 Nd3 36. Ke3 Rd7 37. Ne4 ({White should try} 37. a4 $18) 37... Ne5 $2 {[#]} ({Better is} 37... Nc1 $1 $14) 38. Nc5 Rd1 39. a4 Ng4+ (39... Ra1 $142 40. b4 Re1+ 41. Kf2 Rd1) 40. Ke2 $18 Rc1 41. b4 f5 42. h3 Ne5 43. Nd3 Nxd3 44. Kxd3 {KR-KR} Rg1 {White is clearly winning.} 45. Rb5 Rxg2 46. Rxf5 Rg3+ 47. Kc4 Kg6 48. Rf1 Rxh3 49. Ra1 g4 50. a5 g3 51. a6 g2 52. a7 Ra3 53. a8=Q {Precision: White = 73%, Black = 36%.} 1-0

[Event "11th Arad Open 2018"]
[Site "Arad"]
[Date "2018.08.06"]
[Round "2"]
[White "Costachi, Mihnea"]
[Black "Dumitru, Matei-Ioan"]
[Result "1-0"]
[WhiteElo "2453"]
[BlackElo "2150"]
[Annotator "TA"]
[PlyCount "153"]
[EventDate "2018.08.05"]
[EventType "swiss"]
[EventCountry "ROU"]
[SourceTitle "playchess.com"]
[Source "ChessBase"]
[SourceQuality "1"]

{[%evp 16,153,37,43,67,70,89,96,101,97,142,138,119,123,131,124,132,78,87,70,118,57,66,25,28,45,29,0,0,0,102,-2,0,0,16,12,10,16,37,0,0,0,8,0,0,0,0,0,0,0,0,0,0,0,7,0,0,0,0,0,4,5,4,0,0,0,0,0,0,0,0,0,0,0,0,0,7,7,8,0,0,0,0,0,0,0,7,0,0,0,0,0,262,0,25,25,25,0,0,0,0,0,0,0,0,0,0,0,0,0,0,0,0,0,0,0,0,0,8,0,17,0,0,0,7,0,8,8,8,8,29973,29974,29975,29976,29976,29977,29977,29979,29979,29980]} 1. d4 Nf6 2. c4 e6 3. Nf3 d5 4. Nc3 Bb4 5. cxd5 exd5 6. Bg5 h6 7. Bh4 Nbd7 8. e3 c6 9. Bd3 Nf8 {D35: Queen's Gambit Declined: Exchange Variation} (9... O-O 10. O-O Re8 11. Qc2 b6 12. Qa4 Bxc3 13. Qxc6 Bxb2 14. Rab1 Rb8 15. Rxb2 Bb7 16. Qd6 Rc8 17. a4 g5 18. Bg3 Re6 19. Qb4 {1-0 (29) Riazantsev,A (2646)-Zhang,Z (2619) Berlin 2015}) 10. Ne5 g5 $146 ({Predecessor:} 10... Bd6 11. O-O g5 12. Bg3 h5 13. h3 h4 14. Bh2 g4 15. hxg4 h3 16. g5 hxg2 17. Kxg2 Rxh2+ 18. Kxh2 Ng4+ 19. Kh1 Qxg5 20. Qf3 Qh4+ {0-1 (20) Isoardo,J (1710)-Alvarez,S (2007) Loire 2004}) 11. Bg3 h5 {White is better.} 12. h4 g4 13. Qb3 Qe7 14. O-O-O Be6 15. f3 Rg8 16. Bf4 (16. Rhg1 $142) 16... N6d7 $16 17. Nxd7 Nxd7 18. Kb1 (18. a3 $16 Bxc3 19. Qxb7 (19. Qxc3 Kf8 $16) 19... Bxb2+ 20. Kxb2) 18... Nb6 $14 19. Qc2 Bd6 20. Bxd6 Qxd6 21. e4 O-O-O 22. e5 Qd7 (22... Qb4 $11) 23. Nb5 ({White should try} 23. f4 $1 $16 {[%cal Rf4f5] Hoping for f5.} f5 24. exf6) 23... Kb8 $11 24. Nd6 gxf3 25. gxf3 Nc8 26. Nxc8 Rxc8 27. f4 Bg4 28. Rde1 Qe7 29. Rh2 c5 30. dxc5 Rxc5 31. Qa4 Rgc8 32. a3 Qe6 33. Qb3 Bf5 34. Ka2 Qg6 35. Rd2 Bxd3 36. Rxd3 Qf5 37. Rxd5 Rxd5 38. Qxd5 {Threatening Qd6+.} Qxf4 {[%mdl 4096] Endgame KQR-KQR} 39. Re4 Qf5 40. Rb4 {[%csl Gb4][%cal Rd5b7]} Rc7 41. Qd8+ Rc8 42. Qd6+ Ka8 43. Rd4 (43. Qd5 {looks sharper.} Qe6 44. Qb3 Rc7 45. Rd4 Kb8 46. Rd8+) 43... a6 44. Qd7 Qxd7 45. Rxd7 {KR-KR} Re8 46. Rd5 Re6 47. Kb3 Kb8 48. Kc4 Kc7 49. Rc5+ Kd7 50. Rd5+ Kc7 51. Rc5+ Kd7 52. Kd5 Rg6 53. Rc4 Rb6 $2 {[%mdl 8192] [#]} (53... Rg2 $11 {and Black is okay.}) 54. b4 $2 (54. Rb4 $1 $18 {[%cal Rb4b6]} Rxb4 55. axb4) 54... Rg6 55. Rf4 Ke7 56. Rf5 Rg3 57. Rxh5 Rxa3 58. Rh6 Rd3+ 59. Kc5 Re3 60. Kd4 Rg3 61. Kd5 Rd3+ 62. Ke4 Rc3 63. Rb6 Rc4+ 64. Kd5 Rxh4 65. Rxb7+ Ke8 66. Rb6 (66. b5 {is more complex.} axb5 67. Rxb5 Kd7 68. Rb7+ Ke8 69. Rb8+) 66... Rg4 67. Kc6 (67. Kc5 {is more complex.} Rg5 68. Kc6 Rxe5 69. Rxa6 Re6+ 70. Kb7) 67... Re4 68. Kb7 (68. Kd6 {keeps more tension.} Kf8 69. Rb8+ Kg7 70. Kd5 Rg4 71. e6) 68... Rxe5 69. Kxa6 f5 70. b5 Kd7 71. Rf6 {And now b6 would win.} Ke7 72. Rh6 f4 $2 {[%mdl 8192]} (72... Re3 $11) 73. b6 {White mates.} f3 {[#]} 74. b7 $1 f2 75. Rh1 Re2 76. b8=Q Ra2+ 77. Kb7 {Precision: White = 59%, Black = 68%.} 1-0

[Event "11th Arad Open 2018"]
[Site "Arad"]
[Date "2018.08.06"]
[Round "2"]
[White "Cioara, Andrei-Nestor"]
[Black "Mozes, Ervin"]
[Result "1-0"]
[WhiteElo "2435"]
[BlackElo "2143"]
[Annotator "TA"]
[PlyCount "55"]
[EventDate "2018.08.05"]
[EventType "swiss"]
[EventCountry "ROU"]
[SourceTitle "playchess.com"]
[Source "ChessBase"]
[SourceQuality "1"]

{[%evp 16,55,39,19,25,14,10,5,0,-32,-26,-30,-22,-19,-31,-22,61,64,55,68,62,47,67,67,64,57,62,58,289,285,279,274,355,225,329,332,300,268,662,658,672,667]} 1. d4 Nf6 2. c4 e6 3. g3 d5 4. Nf3 dxc4 5. Bg2 c6 6. Ne5 Bb4+ 7. Nc3 {E04: Katalanisch} (7. Bd2 Be7 8. e3 b5 9. Nxc6 Nxc6 10. Bxc6+ Bd7 11. Bxa8 Qxa8 12. f3 e5 13. O-O exd4 14. exd4 O-O {½-½ (39) Michalik,P (2549)-Harikrishna,P (2738) Czech Republic 2018}) 7... Nd5 8. Bd2 b5 9. O-O {LiveBook: 5 Partien. Weiß steht etwas besser.} Bb7 10. Ne4 $146 ({Vorgänger:} 10. a4 a6 11. Ne4 Be7 12. b3 f5 13. Nc3 Nxc3 14. Bxc3 {1-0 (36) Sharma,P (1940)-De Silva,O (1856) New Delhi 2018}) 10... Be7 11. b3 f6 12. bxc4 fxe5 13. cxd5 exd5 14. Nc5 Bxc5 $1 15. dxc5 Nd7 (15... a5 $11) 16. e4 $14 O-O 17. exd5 cxd5 18. Bb4 {Und weiter mit Tc1 wäre nett.} Nf6 {[#]} 19. c6 $1 {[%cal Rc6b7][%mdl 512]} Bxc6 20. Bxf8 Qxf8 21. Rc1 Bb7 $2 (21... Qd6 $14) 22. Rc7 $18 Rb8 23. Qb3 a6 24. Rfc1 e4 (24... Qd8 {ist eine bessere Verteidigung.} 25. a4 Bc8 26. axb5 axb5) 25. Bh3 Kh8 26. Qb2 Qd6 $2 {[#]} (26... Ne8) 27. Qd4 h5 28. Qa7 {Precision: Weiß = 83%, Schwarz = 43%.} 1-0

[Event "11th Arad Open 2018"]
[Site "Arad"]
[Date "2018.08.06"]
[Round "2"]
[White "Filip, Lucian-Ioan"]
[Black "Virag, Balint"]
[Result "1-0"]
[WhiteElo "2426"]
[BlackElo "2137"]
[Annotator "TA"]
[PlyCount "57"]
[EventDate "2018.08.05"]
[EventType "swiss"]
[EventCountry "ROU"]
[SourceTitle "playchess.com"]
[Source "ChessBase"]
[SourceQuality "1"]

{[%evp 9,57,43,38,41,44,31,53,39,44,36,43,27,62,43,67,55,47,62,90,91,89,70,76,60,75,79,82,54,75,55,54,52,58,60,69,66,64,23,35,25,28,28,114,106,124,115,131,131,558,-127]} 1. Nf3 d5 2. d4 e6 3. c4 a6 4. Nbd2 {[%cal Bb1d2,Bd2c4,Bc4e5][%mdl 32]} (4. Bg5 Be7 5. Bxe7 Qxe7 6. e3 Nf6 7. Nc3 O-O 8. c5 Nc6 9. Be2 Rd8 10. O-O e5 11. Nxe5 Nxe5 12. dxe5 Qxe5 {½-½ (22) Ni,H (2670)-Vallejo Pons,F (2709) China 2018}) 4... dxc4 5. Nxc4 b5 6. Nce5 {D30: Queen's Gambit Declined: Systems without Nc3} Bb7 7. e3 Bd6 8. a4 {White is slightly better.} b4 9. Qc2 $146 ({Predecessor:} 9. b3 Nf6 10. Bb2 Nbd7 11. Rc1 Bxe5 12. dxe5 {0-1 (35) Loetscher,R (2439)-Lugovskoy,M (2431) Panevezys 2015}) 9... Nf6 10. Bd3 O-O 11. e4 Bxe5 12. dxe5 Nfd7 13. Bg5 Qc8 14. Be7 Re8 15. Bxb4 c5 16. Bc3 Nc6 17. O-O Qc7 {[%cal Rd7e5]} 18. Rac1 Rac8 19. Qe2 Ncxe5 20. Nxe5 Nxe5 21. Bxa6 Bxa6 22. Qxa6 Ra8 23. Qb5 {With the idea f4.} Reb8 24. Bxe5 Qxe5 25. Qxc5 Qxe4 {[#]} (25... Qxc5 $11 26. Rxc5 Rxa4) 26. b3 $1 $16 h6 27. Rc4 Qb7 28. Qe3 Qxb3 $2 {[%mdl 8192] [#]} (28... Ra5 $16) 29. Rc5 $2 {[%mdl 32768] Precision: White = 61%, Black = 55%. . Loss on Time!?} (29. Rc8+ $1 $18 {[%mdl 512]} Rxc8 30. Qxb3) 1-0

[Event "11th Arad Open 2018"]
[Site "Arad"]
[Date "2018.08.06"]
[Round "2"]
[White "Sanduleac, Vasile"]
[Black "Chima, Radu-Niculin"]
[Result "1/2-1/2"]
[WhiteElo "2420"]
[BlackElo "2094"]
[Annotator "TA"]
[PlyCount "77"]
[EventDate "2018.08.05"]
[EventType "swiss"]
[EventCountry "ROU"]
[SourceTitle "playchess.com"]
[Source "ChessBase"]
[SourceQuality "1"]

{[%evp 13,77,-21,12,0,22,7,4,1,-4,-47,0,-14,21,-17,7,7,7,-31,-6,0,25,22,23,26,39,14,33,11,8,16,20,-20,0,0,34,18,18,18,25,10,9,0,0,0,0,0,81,59,98,72,147,53,262,59,46,55,107,10,18,8,13,17,23,0,0,0]} 1. e4 Nf6 2. d3 d5 3. Nd2 Nc6 4. Ngf3 e5 5. Be2 Bc5 6. O-O O-O 7. c3 Bb6 {LiveBook: 3 Games. C44: Ponziani Opening and Scotch Gambit} (7... Re8 8. b4 Bb6 9. a4 a5 10. b5 Nb8 11. h3 dxe4 12. dxe4 Nbd7 13. Qc2 Bc5 14. Nc4 Qe7 15. Bg5 {0-1 (35) Caruana,F (2822)-Aronian,L (2767) chess.com INT 2018}) 8. Qc2 Be6 9. a4 $146 ({Predecessor:} 9. h3 Nh5 10. Nxe5 Ng3 11. Ndf3 Nxe5 12. Nxe5 Nxf1 13. Bxf1 f5 14. exd5 Bxd5 {0-1 (21) Epelboin,M (2038)-Torres,S (2202) Buenos Aires 2008}) 9... a5 10. exd5 Bxd5 11. Ne4 h6 12. Nfd2 Re8 13. Bf3 Nxe4 14. dxe4 Be6 15. Rd1 Qf6 16. Nf1 Rad8 17. Be3 Bxe3 18. Nxe3 Ne7 19. Qe2 c6 20. Nc4 Bxc4 21. Qxc4 Ng6 22. Qc5 Rxd1+ 23. Rxd1 Rd8 24. g3 Rxd1+ 25. Bxd1 Qd8 26. Bh5 Qd3 $1 27. Qxa5 {Threatens to win with Qa8+.} Qb1+ 28. Kg2 {aiming for Qa8+.} Qxe4+ 29. Bf3 Qf5 (29... Nf4+ $11 {remains equal.} 30. gxf4 Qg6+ 31. Kf1 Qd3+ 32. Ke1 Qxf3) 30. Qb4 Qd7 31. a5 Ne7 (31... Kh7 $142) 32. Qc5 $16 Qe6 $2 {[#]} ({Black should play} 32... f6 $1 $14) 33. b4 $2 ({Only move:} 33. Qa7 $1 $18) 33... e4 $14 34. Be2 Nd5 {[#]} (34... Nf5 $14) 35. Qd4 (35. c4 $1 $16 {[%cal Rc4d5]} Nc3 36. Qe3 Nxe2 37. Qxe2) 35... e3 $11 36. fxe3 Nxe3+ 37. Kf2 Nd5 38. Bd3 g6 39. Bc2 {Precision: White = 28%, Black = 39%.} 1/2-1/2